| 000 | 00783nam a2200157 4500 | ||
|---|---|---|---|
| 008 | 0 2000 0ant 000 0ESP | ||
| 020 | _a84-481-2525-8 | ||
| 050 | _aHF5548.4.M525 N418 2000 | ||
| 082 | _a005.369.21 N425o | ||
| 100 | _aNelson, Stephen L. | ||
| 245 | _aOffice 2000 : manual de referencia / Stephen L. Nelson | ||
| 260 | _aMadrid, España : McGraw Hill | ||
| 300 | _axxxv, 910 p /. 24 cm. | ||
| 500 | _aOffice 2000. Manual de referencia le enseñará toda la potencia del famoso software integrado de microsoft, a trav‚s de multitud de trucos, sugerencias y técnicas de los expertos sobre cada una de las aplicaciones que lo integran : word, excel, access, powerpoint, outlook y publisher. | ||
| 650 | _a1.MICROSOFT OFFICE 2000 (PROGRAMA PARA COMPUTADORA) | ||
| 999 |
_c16885 _d16885 |
||